Normal view
MARC view
- Grecia
Entry Nombre Geográfico
001 - NÚMERO DE CONTROL
- campo de control: 6890
003 - IDENTIFICADOR DE NUMERO DE CONTROL
- campo de control: MX-MxUPN
005 - FECHA Y HORA DE LA ÜLTIMA TRANSACCIÓN
- campo de control: 20240322090156.0
008 - DATOS DE LONGITUD FIJA
- campo de control de longitud fija: 240322n||fcnnnbabn | ana |d
035 ## - NÚMERO DE CONTROL
- Número de control: UPN10000006892
040 ## - FUENTE DE CATALOGACIÓN
- Agencia de catalogación original: MX-MxUPN
- Lenguaje de catalogación: spa
- Agencia de transcripción: MX-MxUPN
151 ## - ENCABEZAMIENTO - NOMBRE GEOGRÁFICO
- Nombre geográfico: Grecia
- Subdivisión general : Civilización
451 ## - VER DESDE EL RASTREO--NOMBRE GEOGRÁFICO
- Geographic name: Civilización griega
670 ## - FUENTE EN LA QUE SE LOCALIZARON DATOS
- Cita de la fuente: LC
- Información localizada: Greece civilization
902 ## - CATALOGADOR
- Catalogador: BDV/260204
